Alexander, que era rico el domingo pasado / (Registro nro. 11983)

Detalles MARC
000 -LEADER
fixed length control field 00889nam a22002537a 4500
001 - CONTROL NUMBER
control field 000709
003 - CONTROL NUMBER IDENTIFIER
control field DO-SdBNP
005 - DATE AND TIME OF LATEST TRANSACTION
control field 20161117111918.0
007 - PHYSICAL DESCRIPTION FIXED FIELD--GENERAL INFORMATION
fixed length control field 000709
008 - FIXED-LENGTH DATA ELEMENTS--GENERAL INFORMATION
fixed length control field 161117b 1989 nyu a ||||| |||| 00| 0 spa d
020 ## - INTERNATIONAL STANDARD BOOK NUMBER
International Standard Book Number 0689713517
040 ## - CATALOGING SOURCE
Original cataloging agency BPMSU
Language of cataloging spa
Transcribing agency BPMSU
082 ## - DEWEY DECIMAL CLASSIFICATION NUMBER
Classification number xxxx
Item number xxxx
100 1# - MAIN ENTRY--PERSONAL NAME
Personal name Viorst, Judith
240 10 - UNIFORM TITLE
Uniform title <a href="Alexander, who used to be rich last Sunday.">Alexander, who used to be rich last Sunday.</a>
Language of a work Español
245 10 - TITLE STATEMENT
Title Alexander, que era rico el domingo pasado /
Statement of responsibility, etc. Judith Viorst ; ilustrado por Ray Cruz ; traducido por Alma Flor Ada.
260 ## - PUBLICATION, DISTRIBUTION, ETC. (IMPRINT)
Place of publication, distribution, etc. New York :
Name of publisher, distributor, etc. Aladdin Paperbacks,
-- Libros Colibrí,
Date of publication, distribution, etc. 1989.
300 ## - PHYSICAL DESCRIPTION
Extent 32 páginas sin numerar :
Other physical details il. ;
Dimensions 19 cm.
500 ## - GENERAL NOTE
General note Traducción de Alexander, who used to be rich last Sunday.
700 12 - ADDED ENTRY--PERSONAL NAME
Personal name Cruz, Ray,
Relator term il.
700 12 - ADDED ENTRY--PERSONAL NAME
Personal name Ada, Alma Flor,
Relator term tr.
Dates associated with a name 1938-
942 ## - ADDED ENTRY ELEMENTS (KOHA)
Source of classification or shelving scheme Dewey Decimal Classification
Koha item type Libros
956 ## - LOCAL ELECTRONIC LOCATION AND ACCESS (OCLC)
Access method LOPEREZ
Materials specified 10
Linkage 20161117
Field link and sequence number BPMSU
Host name 00041
Existencias
Withdrawn status Lost status Source of classification or shelving scheme Damaged status Not for loan Collection code Home library Current library Date acquired Source of acquisition Total Checkouts Full call number Barcode Date last seen Price effective from Koha item type
    Dewey Decimal Classification     Colección Infantil General Biblioteca Pública Metropolitana Salomé Ureña Biblioteca Pública Metropolitana Salomé Ureña 11/17/2016 Donación   xxxx xxxx BPMSU16111394 11/17/2016 11/17/2016 Libros